Ensino Jurd̕ico

Bibliographic Details
Main Author: de Moraes Mello, Cleyson
Other Authors: Martins, Vanderlei
Format: eBook
Language:Portuguese
Published: Rio de Janeiro: Editora Processo, 2019
Subjects:
Online Access:Acceso restringido

MARC

LEADER 00000nam a22000007a 4500
005 20220801234559.0
007 cr|||| ||||
008 220801s2109 br |||||s|||| 00||0 por d
020 |a 978-85-93741-45-6 
035 |a 36785 
040 |a vLex 
090 |c 13667  |d 13667 
100 1 |a de Moraes Mello, Cleyson 
245 1 0 |a Ensino Jurd̕ico  |h [Recurso electrn̤ico] /  |c Cleyson de Moraes Mello, Vanderlei Martins 
256 |a Servicio en ln̕ea 
260 |a Rio de Janeiro:  |b Editora Processo,  |c 2019 
300 |a 1 recurso electrn̤ico 
500 |a A obra 'Ensino Jurd̕ico' estabelece um dil̀ogo cientf̕ico entre o ensino jurd̕ico e as recentes mudanȧs nas Diretrizes Curriculares Nacionais dos cursos de graduaȯ̂ em Direito (DCN), alm̌ de abordar queste̳s de metodologia cientf̕ica, concepė̳s pedagg̤icas, panorama estratǧico, projeto didt̀ico pedagg̤ico (PPC), metodologias ativas e avaliaȯ̂ ̉luz da taxonomia de Bloom. Os autores, Cleyson de Moraes Mello e Vanderlei Martins, ambos com larga experin̊cia em gestô acadm̊ica, fazem uma anl̀ise crt̕ica do ensino jurd̕ico na atualidade, a exemplo do desafio das escolas de Direito em relaȯ̂ ̉adaptaȯ̂ s̉ novas metodologias de ensino, tô dinḿicas e inovadoras como a realidade global e que proporcionam diversas indagaė̳s. Assim, a obra promove um debate contemporńeo, apontando a necessidade de uma atividade de ensino cada vez mais interdisciplinar para compreensô e interpretaȯ̂ dos fenm̥enos jurd̕icos. A partir dessa postura metodolg̤ica, ̌possv̕el oferecer ao futuro bacharel a oportunidade de elaborar uma releitura crt̕ica das formas tradicionais de interpretaȯ̂ do Direito ainda vigentes nas escolas jurd̕icas. 
506 1 |a Disponible solo en los productos indicados  |d vLex Global  |d vLex Global (Academic Edition, excluding Law Schools)  |d vLex Global (U.S. Academic Edition, Law Schools)  |d vLex Global (U.S. Academic Edition, excluding Law Schools)  |d vLex Global (Academic Edition, Law Schools) 
650 0 4 |a Educacin̤  |z Brasil 
700 1 |a Martins, Vanderlei 
740 0 |a vLex Libros (Servicio en ln̕ea) 
856 4 0 |u https://app.vlex.com/#/sources/36785  |z Acceso restringido 
942 |c BOOK 
999 0 |a Education